000 00326nam a2200121Ia 4500
008 231228s1998 xx 000 0 und d
041 _aeng
082 _a5.432
_bSTE
100 _aSTEVENS (Richard W)
245 _aUNIX Network Programming
260 _aNew Delhi
_bPrentice Hall of India New Delhi
_c1998
300 _axi, 772
999 _c1081571
_d1081571